PSG All-Time Starting XI - Statistics

General Stats
  • This quiz has been taken 1,021 times
  • The average score is 8 of 13
Answer Stats
Position Player % Correct
FW (2017-2024) Kylian Mbappé
96%
FW (2017-23) Neymar
92%
DF (2013- ) Marquinhos
88%
DF (2012-20) Thiago Silva
88%
FW (2013-20) Edinson Cavani
85%
MF (2012-23) Marco Verratti
85%
12th player (2012-16) Zlatan Ibrahimović
78%
DF (2012-17) Maxwell
54%
GK (1992-97/98-2000) Bernard Lama
43%
MF (1993-98) Raí
25%
Coach (1994-96/2000-03) Luis Fernandez
22%
MF (1982-91) Safet Sušić
10%
DF (1975-89) Jean-Marc Pilorget
5%
No matching quizzes found
Score Distribution
Percent of People with Each Score
Percentile by Number Answered
Your Score History
You have not taken this quiz